所有国家的国旗 All Country Flags of the World - Statistics

General Stats
  • This quiz has been taken 77 times
  • The average score is 103 of 197
Answer Stats
Picture Answer % Correct
越南
100%
中国
98%
美国
91%
英国
91%
加拿大
91%
俄罗斯
91%
法国
91%
意大利
89%
澳大利亚
87%
新西兰
87%
荷兰
87%
日本
87%
韩国
87%
巴西
87%
马来西亚
85%
德国
85%
印度
85%
阿根廷
85%
缅甸
83%
爱尔兰
83%
瑞典
83%
芬兰
83%
希腊
83%
瑞士
83%
以色列
83%
土耳其
83%
巴基斯坦
83%
新加坡
83%
西班牙
83%
孟加拉国
81%
挪威
81%
丹麦
81%
尼泊尔
81%
沙特阿拉伯
81%
南非
81%
不丹
79%
匈牙利
77%
冰岛
77%
格鲁吉亚
77%
塞浦路斯
77%
墨西哥
77%
波兰
77%
哈萨克斯坦
77%
保加利亚
74%
梵蒂冈
74%
比利时
74%
牙买加
74%
奥地利
74%
印度尼西亚
74%
伊朗
74%
乌拉圭
74%
北马其顿
74%
智利
74%
朝鲜
74%
柬埔寨
74%
阿尔巴尼亚
72%
突尼斯
72%
黎巴嫩
70%
阿尔及利亚
70%
伊拉克
70%
菲律宾
70%
古巴
70%
泰国
70%
土库曼斯坦
68%
马尔代夫
68%
叙利亚
68%
捷克
68%
老挝
68%
阿塞拜疆
66%
乌兹别克斯坦
66%
塞尔维亚
66%
克罗地亚
66%
马耳他
64%
埃及
64%
文莱
64%
波斯尼亚和黑塞哥维那
64%
巴拿马
64%
斯洛伐克
64%
喀麦隆
62%
阿拉伯联合酋长国
62%
委内瑞拉
62%
巴布亚新几内亚
60%
肯尼亚
60%
多米尼加
57%
阿曼
57%
秘鲁
57%
爱沙尼亚
57%
巴林
57%
科特迪瓦
55%
帕劳
55%
尼日尔
55%
摩纳哥
55%
科威特
55%
白俄罗斯
55%
巴巴多斯
53%
东帝汶
53%
斯洛文尼亚
53%
布基纳法索
51%
圣马力诺
51%
刚果民主共和国
51%
卢森堡
51%
阿富汗
51%
蒙古
51%
汤加
49%
也门
49%
利比里亚
49%
海地
49%
哥斯达黎加
49%
安哥拉
49%
罗马尼亚
49%
斯里兰卡
47%
利比亚
45%
塔吉克斯坦
45%
萨摩亚
45%
葡萄牙
45%
乌克兰
45%
斯威士兰
43%
约旦
43%
洪都拉斯
43%
埃塞俄比亚
43%
吉尔吉斯斯坦
43%
卡塔尔
43%
马达加斯加
40%
加蓬
40%
毛里塔尼亚
40%
科摩罗
40%
巴勒斯坦
40%
亚美尼亚
40%
摩洛哥
40%
巴拉圭
38%
哥伦比亚
38%
塞舌尔
36%
佛得角
36%
尼日利亚
36%
拉脱维亚
36%
布隆迪
34%
立陶宛
34%
黑山
34%
苏丹
32%
密克罗尼西亚联邦
32%
索马里
32%
博茨瓦纳
32%
乌干达
32%
马拉维
30%
基里巴斯
30%
刚果
30%
贝宁
30%
苏里南
30%
安道尔
30%
南苏丹
28%
伯利兹
28%
列支敦士登
28%
加纳
28%
厄瓜多尔
28%
中非
28%
安提瓜和巴布达
26%
卢旺达
26%
特立尼达和多巴哥
26%
巴哈马
26%
津巴布韦
26%
塞内加尔
26%
多米尼克
26%
乍得
26%
马绍尔群岛
23%
瑙鲁
23%
坦桑尼亚
23%
莫桑比克
23%
萨尔瓦多
23%
塞拉利昂
23%
格林纳达
23%
摩尔多瓦
23%
纳米比亚
21%
马里
21%
斐济
21%
圣多美和普林西比
19%
多哥
19%
莱索托
19%
赞比亚
19%
库克群岛
19%
纽埃
19%
圣卢西亚
19%
厄立特里亚
17%
瓦努阿图
17%
吉布提
17%
圣文森特和格林纳丁斯
17%
图瓦卢
17%
冈比亚
17%
圣基茨和尼维斯
15%
圭亚那
15%
尼加拉瓜
15%
几内亚
15%
玻利维亚
15%
毛里求斯
15%
危地马拉
15%
赤道几内亚
13%
几内亚比绍
11%
所罗门群岛
9%
No matching quizzes found
Score Distribution
Percent of People with Each Score
Percentile by Number Answered
Your Score History
You have not taken this quiz